ՀՀ Գիտությունների ազգային ակադեմիայի հիմնարար գիտական գրադարան  =   Fundamental Scientific Library of NAS RA

Սաքուլն ուղտ գնաց : (Record no. 99540)

MARC details
000 -LEADER
fixed length control field 00809nam a2200229 u 4500
001 - CONTROL NUMBER
control field 000273891
003 - CONTROL NUMBER IDENTIFIER
control field AM-YeHGA
005 - DATE AND TIME OF LATEST TRANSACTION
control field 20250618071813.0
008 - FIXED-LENGTH DATA ELEMENTS--GENERAL INFORMATION
fixed length control field 031020s1938 ai r 000 0 arm d
040 ## - CATALOGING SOURCE
Original cataloging agency AM-YeHGA
041 0# - LANGUAGE CODE
Language code of text/sound track or separate title arm
090 ## - LOCALLY ASSIGNED LC-TYPE CALL NUMBER (OCLC); LOCAL CALL NUMBER (RLIN)
Classification number (OCLC) (R) ; Classification number, CALL (RLIN) (NR) Ն-40
090 ## - LOCALLY ASSIGNED LC-TYPE CALL NUMBER (OCLC); LOCAL CALL NUMBER (RLIN)
-- 100852
100 1# - MAIN ENTRY--PERSONAL NAME
Personal name Նար-Դոս,
Dates associated with a name 1867-1933
9 (RLIN) 1453
245 10 - TITLE STATEMENT
Title Սաքուլն ուղտ գնաց :
Remainder of title Ինչպես բժշկեցին: [Պատմվածք] /
Statement of responsibility, etc. Նար-Դոս; Խմբ.՝ Սիրաս.
246 15 - VARYING FORM OF TITLE
Title proper/short title Ինչպես բժշկեցին
260 ## - PUBLICATION, DISTRIBUTION, ETC.
Place of publication, distribution, etc. Յերևան :
Name of publisher, distributor, etc. Պետհրատ,
Date of publication, distribution, etc. 1938.
300 ## - PHYSICAL DESCRIPTION
Extent 49 էջ ;
Dimensions 22 սմ.
440 #0 - SERIES STATEMENT/ADDED ENTRY--TITLE
Title Հակակրոնական գրադարան
650 14 - SUBJECT ADDED ENTRY--TOPICAL TERM
Topical term or geographic name entry element Հայ գրականություն
General subdivision Պատմվածք
700 1# - ADDED ENTRY--PERSONAL NAME
Personal name Սիրաս, Հմայակ Սահակի,
Dates associated with a name 1902-1983
Relator term խմբ.
Relationship edt
9 (RLIN) 1945
Holdings
Withdrawn status Lost status Damaged status Not for loan Collection Home library Current library Date acquired Total checkouts Full call number Barcode Date last seen Price effective from Koha item type Public note
        General Fundamental Scientific Library Fundamental Scientific Library 22/12/2016   AII/28876 220028876 22/12/2016 22/12/2016 Գրքեր / Books 30 Days Loan


ՀՀ ԳԱԱ հիմնարար գիտական գրադարան
ՀՀ,Երևան 0019
Մարշալ Բաղրամյան 24/6
հեռախոս:(374-10) 52-47-50
Հետադարձ կապ

All site content, except where otherwise noted, is licensed under a
Creative Commons License